000 01262cam a2200337 a 4500
001 vtls000978532
003 NLI
005 20210627100432.0
008 120209s1988 dcuab b 000 0 eng
039 9 _y201202091913
_zVLOAD
040 _aNLI
_cVTLS-2010_FOD
_eAACR2
041 0 0 _aeng
044 0 _adcu
082 0 0 _a553.240978785
100 1 _aRoehler, Henry W.
245 1 4 _aThe Pintail coal bed and Barrier Bar G-- :
_ba model for coal of barrier bar-lagoon origin, Upper Cretaceous Almond Formation, Rock Springs Coal Field, Wyoming /
_cby Henry W. Roehler.
260 _aWashington, D.C. :
_bUnited States Government Printing Office,
_c1988.
300 _aiv, 60 p. :
_bill., maps :
_c29 cm.
440 0 _aU.S. Geological Survey professional paper ;
_v1398
500 _aTwo folded ill. in pocket.
504 _aBibliography: p. 58, 60.
650 0 _aCoal
_xGeology
_zRock Springs Region.
_zWyoming
_9920389
650 0 _aGeology, Stratigraphic
_yCretaceous.
650 0 _aGeology
_zRock Springs Region.
_zWyoming
_9920390
650 0 _aSedimentation and deposition.
_9677158
887 _a
901 _aAD 66652
_b21.03.1989
902 _aU.S 553.240978785 R 713
949 _AVIRTUAITEM
_D10000
_X100
_6ADX000066652ENG
942 _2ddc
_cBKS
999 _c802494
_d802494